1478 1797 1078 1745 1720 1575 1872 1040 1760 1236 1163 1171 1488 1376 1391 1944 1116 1978 1821 1293 1104 1438 1357 1555 1317 1467 1409 1093 1175 1324 1964 1434 1007 1276 1133 1370 1436 1215 1286 1910 1562 1084 1014 1869 1648 1756 1461 1693 1601 1298 1537 1974 1476 1767 1960 1366 1053 1492 1628 1258 1554 1889 1203 1484 1550 1539 1450 1060 1701 1688 1504 1181 1504 1625 1035 1409 1897 1605 1879 1904 1871 1516 1955 1246 1403 1316 1989 1464 1172 1626 1973 1797 1332 1970 1490 1640 1316 1681 1732 BCNSPRNW ULIB Ver.6.0+V

เปลี่ยนเป็นภาษาไทย

Change to English
 แสดงรายละเอียดบรรณานุกรม
  กลับหน้าหลัก

Brief Record : Get Marc (ISO 2709) : E-mail record : QR code < ปิดหน้าต่าง
LEADER : 00000nam 2200000uu 4500
001    13399121656
003     ULIB
008    121128s2552||||th 000 0 tha d
020    ^a9786117020018
060  4 ^aWS103^bม319พ
100 0  ^aมัจฉรานี พุ่มสุวรรณ
245 00 ^aพัฒนาการของทารกและเด็ก=^bGrowth and development/^cมัจฉรานี พุ่มสุวรรณ แปลและเรียบเรียง
246 0  ^aGrowth and development
250    ^aพิมพ์ครั้งที่ 5
260    ^aกรุงเทพฯ:^bข้าวฝ้าง,^c2552
300    ^a153 หน้า:^bภาพประกอบ
650  7 ^aพัฒนาการของเด็ก
700 0  ^aประพุทธ ศิริปุณย์,^eบรรณาธิการ
945    ^p135^l0^i17112
945    ^p135^l0^i17113
995    ^aวิภา
999 ^a ใช้งานได้ทุกระบบ
รายการนี้ยังไม่มีแท็ก
คุณยังไม่ได้ล็อกอิน คุณสามารถมีกิจกรรมร่วมกับเว็บไซต์ได้ แต่ต้องล็อกอินก่อน ::
  ล็อกอิน

รายการสื่อสารสนเทศ

ลำดับที่ ประเภท เลขเรียก/บาร์โค้ด สถานที่ สถานะ
- ไม่พบข้อมูล -

รายการใกล้เคียง
    ผู้แต่ง [มัจฉรานี พุ่มสุวรรณ]

    หัวเรื่อง [พัฒนาการของเด็ก]

BibComment


ยังไม่เคยถูกคอมเมนท์

คอมเมนท์ทรัพยากรรายการนี้
  คอมเมนท์: พัฒนาการของทารกแ..


 Copyright 2026. Bcnsprnw @Library